LEADER 00977nam0-2200325---450- 001 990009558520403321 005 20120419142022.0 010 $a978-1-84844-837-7 035 $a000955852 035 $aFED01000955852 035 $a(Aleph)000955852FED01 035 $a000955852 100 $a20120417d2009----km-y0itay50------ba 101 0 $aeng 102 $aGB 105 $aa-------001yy 200 1 $aChanging climate, changing economy$fedited by Jean-Philippe Touffut 210 $aCheltenham, UK ; Northampton, MA$cEdward Elgar$d2009 215 $axiii, 171 p.$cill.$d24 cm 225 1 $aCournot Centre for Economic Studies series 610 0 $aPolitica ambientale$aEconomia 676 $a363.73874$v20$zita 702 1$aTouffut,$bJean-Philippe 801 0$aIT$bUNINA$gREICAT$2UNIMARC 901 $aBK 912 $a990009558520403321 952 $aVI M 163$b47328$fFSPBC 959 $aFSPBC 996 $aChanging climate, changing economy$9846973 997 $aUNINA